Formula One Circuits on the 2025 Calender - Statistics

General Stats
  • This quiz has been taken 92 times
  • The average score is 8 of 13
Answers on the Grid
Answers color-coded by a green-red scale on the quiz's grid according to % correct below.
Melbourne Circuit
Reims-Gueux Circuit
Suzuka Circuit
Ain-Diab Circuit
Montjuïc Spain Circuit
Circuit de Monaco
Pedralbes Spain Circuit
Circuit Gilles Villeneuve
Nürburgring Nordschleife Circuit
Jeddah Corniche Circuit
Autodromo Enzo e Dino Ferrari Italy
Autódromo Oscar y Juan Gálvez Argentina
Losail Circuit
Anderstorp Sweden
Silverstone Circuit
Autódromo Hermanos Rodríguez
Circuit de Barcelona-Catalunya
Buddh International Circuit
Kyalami South Africa
Bremgarten Switzerland
Yas Marina Circuit
Caesars Palace COTA
Autódromo José Carlos Pace
Autodromo Nazionale Monza
 
Answer Stats
Answer % Correct
Melbourne Circuit
90%
Suzuka Circuit
82%
Circuit de Monaco
79%
Silverstone Circuit
75%
Jeddah Corniche Circuit
73%
Yas Marina Circuit
70%
Autodromo Nazionale Monza
64%
Circuit de Barcelona-Catalunya
64%
Circuit Gilles Villeneuve
56%
Autodromo Enzo e Dino Ferrari Italy
49%
Autódromo Hermanos Rodríguez
48%
Losail Circuit
41%
Autódromo José Carlos Pace
29%
No matching quizzes found
Score Distribution
Percent of People with Each Score
Percentile by Number Answered
Your Score History
You have not taken this quiz